5 pays les plus méridionaux par continent - Statistiques

Statistiques générales
  • Ce quiz a été pris 21 915 fois
    20 148 depuis la dernière actualisation
  • Le résultat moyen est 23 sur 30
Statistiques - réponses
Continent Position Pays % Correct
Afrique 46,59 °S Afrique du Sud
97%
Amérique du Sud 55,04 °S Argentine
94%
Amérique du Sud 56,30 °S Chili
94%
Europe 36,00 °N Espagne
93%
Europe 34,49 °N Grèce
92%
Europe 35,30 °N Italie
92%
Amérique du Sud 33,45 °S Brésil
91%
Europe 36,57 °N Portugal
90%
Océanie 54,47 °S Australie
89%
Amérique du Sud 35,02 °S Uruguay
89%
Océanie 52,37 °S Nouvelle-Zélande
87%
Amérique du Sud 27,36 °S Paraguay
86%
Asie 11,00 °S Indonésie
85%
Europe 35,47 °N Malte
83%
Afrique 30,40 °S Lesotho
82%
Amérique du Nord 7,11 °N Panama
80%
Asie 0,51 °N Malaisie
74%
Afrique 26,54 °S Eswatini
73%
Afrique 28,58 °S Namibie
72%
Amérique du Nord 5,31 °N Costa Rica (Île Cocos)
71%
Asie 1,09 °N Singapour
68%
Océanie 21,02 °S Fidji
66%
Afrique 26,52 °S Botswana
63%
Amérique du Nord 10,43 °N Nicaragua
62%
Asie 9,30 °S Timor Oriental
58%
Océanie 22,21 °S Tonga
58%
Océanie 20,15 °S Vanuatu
54%
Amérique du Nord 10,02 °N Trinité-et-Tobago
50%
Amérique du Nord 11,59 °N Grenade
46%
Asie 0,42 °S Maldives
41%
Aucun quiz correspondant
Distribution des résultats
% des personnes avec chaque résultat
Percentile par nombre de réponses
Votre historique - résultats
Vous n’avez pas pris ce quiz depuis la dernière actualisation